<?xml version="1.0" encoding="UTF-8"?>
<collection xmlns="http://www.loc.gov/MARC21/slim">
 <record>
  <leader>02738nam a2200229 a 4500</leader>
  <controlfield tag="001">1/44578</controlfield>
  <controlfield tag="008">140618s2002    uk            000 0 eng  </controlfield>
  <datafield tag="020" ind1=" " ind2=" ">
   <subfield code="a">0120121565 (electronic bk.)</subfield>
  </datafield>
  <datafield tag="020" ind1=" " ind2=" ">
   <subfield code="a">9780120121564 (electronic bk.)</subfield>
  </datafield>
  <datafield tag="035" ind1=" " ind2=" ">
   <subfield code="l">47532</subfield>
  </datafield>
  <datafield tag="040" ind1=" " ind2=" ">
   <subfield code="a">OPELS</subfield>
   <subfield code="b">eng</subfield>
   <subfield code="c">OPELS</subfield>
   <subfield code="d">OPELS</subfield>
   <subfield code="d">OCLCQ</subfield>
   <subfield code="d">OPELS</subfield>
   <subfield code="d">OCLCQ</subfield>
   <subfield code="d">OPELS</subfield>
   <subfield code="d">OCLCF</subfield>
   <subfield code="d">OCLCE</subfield>
   <subfield code="d">OCLCO</subfield>
   <subfield code="d">GR-PeUP</subfield>
  </datafield>
  <datafield tag="245" ind1="0" ind2="0">
   <subfield code="a">Advances in computers, volume 56</subfield>
   <subfield code="h">[electronic resource] /</subfield>
   <subfield code="c">ed. by M.V. Zelkowitz.</subfield>
  </datafield>
  <datafield tag="260" ind1=" " ind2=" ">
   <subfield code="a">London :</subfield>
   <subfield code="b">Academic Press,</subfield>
   <subfield code="c">2002.</subfield>
  </datafield>
  <datafield tag="300" ind1=" " ind2=" ">
   <subfield code="a">1 online resource (xv, 400 p.)</subfield>
  </datafield>
  <datafield tag="520" ind1=" " ind2=" ">
   <subfield code="a">Advances in Computers remains at the forefront in presenting the new developments in the ever-changing field of information technology. Since 1960, Advances in Computers has chronicled the constantly shifting theories and methods of this technology that greatly shape our lives today. Volume 56 presents eight chapters that describe how the software, hardware and applications of computers are changing the use of computers during the early part of the 21st century: Software Evolution and the Staged Model of the Software Lifecycle Embedded Software Empirical Studies of Quality Models in Object-Oriented Systems Software Fault Prevention by Language Choice Quantum computing and communication Exception Handling Breaking the Robustness Barrier: Recent Progress on the Design of Robust Multimodal Systems Using Data Mining to Discover the Preferences of Computer Criminals As the longest-running continuous serial on computers, Advances in Computers presents technologies that will affect the industry in the years to come, covering hot topics from fundamentals to applications. Additionally, readers benefit from contributions of both academic and industry professionals of the highest caliber. Volume 56 presents eight chapters that describe how the software, hardware and applications of computers are changing the use of computers during the early part of the 21st century: Software Evolution and the Staged Model of the Software Lifecycle Embedded Software Empirical Studies of Quality Models in Object-Oriented Systems Software Fault Prevention by Language Choice Quantum computing and communication Exception Handling Breaking the Robustness Barrier: Recent Progress on the Design of Robust Multimodal Systems Using Data Mining to Discover the Preferences of Computer Criminals.</subfield>
  </datafield>
  <datafield tag="650" ind1=" " ind2="4">
   <subfield code="a">Computer science.</subfield>
  </datafield>
  <datafield tag="655" ind1=" " ind2="4">
   <subfield code="a">Electronic books.</subfield>
  </datafield>
  <datafield tag="700" ind1="1" ind2=" ">
   <subfield code="a">Zelkowitz, Marvin V.,</subfield>
   <subfield code="d">1945-</subfield>
  </datafield>
  <datafield tag="852" ind1=" " ind2=" ">
   <subfield code="a">INST</subfield>
   <subfield code="b">UNIPILB</subfield>
   <subfield code="c">EBOOKS</subfield>
   <subfield code="e">20140618</subfield>
   <subfield code="p">00b47532</subfield>
   <subfield code="q">00b47532</subfield>
   <subfield code="t">ONLINE</subfield>
   <subfield code="y">0</subfield>
  </datafield>
  <datafield tag="856" ind1="4" ind2="0">
   <subfield code="3">ScienceDirect</subfield>
   <subfield code="u">http://www.sciencedirect.com/science/book/9780120121564</subfield>
  </datafield>
  <datafield tag="856" ind1="4" ind2=" ">
   <subfield code="d">/webopac/covers/03/47532_0120121565.jpg</subfield>
   <subfield code="z">(electronic bk.)</subfield>
  </datafield>
  <datafield tag="856" ind1="4" ind2=" ">
   <subfield code="d">/webopac/covers/03/47532_9780120121564.jpg</subfield>
   <subfield code="z">(electronic bk.)</subfield>
  </datafield>
 </record>
</collection>
